Sports Quiz

Random Sports or Africa Quiz

African National Team by Logo Quiz Stats

 Plays Quiz not verified by Sporcle

Challenge
Share
Tweet
Photobucket
Score 0/54 Timer 08:00
0 Plays Today
# National Team % Correct
1Cameroon
91.2%
9Ghana
76.6%
8Libya
71.5%
2Liberia
70.9%
49Tunisia
69.3%
14Ivory Coast
65.6%
6Egypt
64%
3South Africa
62.7%
51Togo
61.2%
5Burkina Faso
59.9%
30Algeria
56.5%
12Gambia
56.3%
25Chad
55.4%
26Mauritania
54.7%
18Equatorial Guinea
50.8%
20Mali
50.3%
11Eritrea
49.9%
36Central African Republic
49.9%
29South Sudan
45.6%
44Sudan
45.1%
10Somalia
44.6%
22Nigeria
44.2%
7Lesotho
43.3%
40Republic of Congo
41.6%
27Guinea
41.3%
15Angola
41%
4Rwanda
40.3%
# National Team % Correct
46Senegal
36.6%
32Morocco
36.3%
23Zimbabwe
36%
34Gabon
35.3%
31Uganda
35%
52Kenya
34.5%
19Djibouti
33.5%
33Zambia
33.5%
50Ethiopia
30.6%
54Comoros
28.4%
48Malawi
28.1%
28Cape Verde
24.1%
35Tanzania
23.8%
17Botswana
23.1%
13Benin
22.7%
41Mozambique
22.5%
47Niger
22%
24Democratic Republic of Congo
21.7%
16Guinea-Bissau
20.9%
39Swaziland
20.7%
38Burundi
20.6%
37Namibia
19.5%
43Seychelles
18.5%
42São Tomé & Príncipe
18.4%
53Madagascar
17.9%
21Mauritius
17.7%
45Sierra Leone
17.5%

You're not logged in!

Compare scores with friends on all Sporcle quizzes.
Join for Free
OR
Log In

You Might Also Like...

Show Comments

Extras

Top Quizzes Today


Score Distribution

Your Account Isn't Verified!

In order to create a playlist on Sporcle, you need to verify the email address you used during registration. Go to your Sporcle Settings to finish the process.

Report this User

Report this user for behavior that violates our Community Guidelines.

Details: